The theory of groups

Zapisane w:
Opis bibliograficzny
1. autor: Hall, Marshall (Autor)
Format: Książka
Język:angielski
Wydane: Nueva York Macmillan Company 1959
Seria:Biblioteca de Matemática Superior
Hasła przedmiotowe:
Etykiety: Dodaj etykietę
Nie ma etykietki, Dołącz pierwszą etykiete!

MARC

LEADER 00000nam a2200000 a 4500
001 UCQ8326
003 CL-VaPUC
008 981209e19590000US |||||||||||||||||eng|d
082 0 4 |a 512.2  |b HAL  |2 21 
100 |a Hall, Marshall  |e author  |9 422247 
245 1 4 |a The theory of groups 
300 |a 434 p 
942 |c BK 
945 |d 19981209 00:00:00  |a crobeson 
260 |a Nueva York  |b Macmillan Company  |c 1959 
650 0 |a Teoría de grupos   |9 270028 
650 7 |a GRUPOS  |2 CL-VaPUC  |9 336429 
650 0 |a Álgebra  |9 259567 
650 7 |a ISOMORFISMO  |2 CL-VaPUC  |9 417405 
650 7 |a HOMOMORFISMO  |2 CL-VaPUC  |9 422248 
650 0 |a Automorfismo  |9 427838 
583 |a last modification  |c 19981209 00:00:00  |k Rodrigo Vera 
490 0 |a Biblioteca de Matemática Superior 
999 |c 277611  |d 277609